| 000 | 00741nam a22001457a 4500 | ||
|---|---|---|---|
| 008 | 110608t xxu||||| |||| 00| 0 eng d | ||
| 010 | _aSCCAF-13 | ||
| 245 | _aSupreme Court Civil Appeal No. 10 of 1995 Yonasani B.Kanyomozi Vs Motor Mart (U) Limited | ||
| 260 | _c1995 | ||
| 500 | _aCORAM:Oder, Mulenga and Kanyeihamba JJS.C. | ||
| 500 | _aAppeal arising from Judgment and Decree of High Court Mr. Justice J.B.A Katutsi at Kampala in civil suit No. 37 of 1993 dated 19/ January. | ||
| 999 |
_c2530 _d2530 |
||